Regulatory reform in transport : (Record no. 543144)
[ view plain ]
| 000 -LEADER | |
|---|---|
| fixed length control field | 00715cam a2200193 a 4500 |
| 020 ## - INTERNATIONAL STANDARD BOOK NUMBER | |
| International Standard Book Number | 0821323318 |
| 082 00 - DEWEY DECIMAL CLASSIFICATION NUMBER | |
| Classification number | 388.068 |
| Author Mark | REG |
| -- | D |
| 245 00 - TITLE STATEMENT | |
| Title | Regulatory reform in transport : |
| Remainder of title | some recent experiences / |
| Statement of responsibility, etc. | edited by José Carbajo. |
| 250 ## - EDITION STATEMENT | |
| Edition statement | Jose Carbajo. |
| 260 ## - PUBLICATION, DISTRIBUTION, ETC. | |
| Place of publication, distribution, etc. | Washington, D.C. : |
| Name of publisher, distributor, etc. | World Bank, |
| Date of publication, distribution, etc. | c1993. |
| 300 ## - PHYSICAL DESCRIPTION | |
| Extent | viii, 111 p. : |
| Other physical details | ill. ; |
| Dimensions | 28 cm. |
| 526 ## - STUDY PROGRAM INFORMATION NOTE | |
| Program name | 0 |
| Interest level | 0 |
| Reading level | 0 |
| Title point value | 388_068000000000000_REG |
| 650 #0 - SUBJECT ADDED ENTRY--TOPICAL TERM | |
| Topical term or geographic name entry element | D |
| Geographic subdivision | Developing countries |
| General subdivision | Case studies. |
| 9 (RLIN) | 20726 |
| 650 #0 - SUBJECT ADDED ENTRY--TOPICAL TERM | |
| Topical term or geographic name entry element | Transportation |
| General subdivision | Deregulation |
| -- | Case studies. |
| 9 (RLIN) | 20728 |
| 650 #0 - SUBJECT ADDED ENTRY--TOPICAL TERM | |
| Topical term or geographic name entry element | Transportation |
| General subdivision | Deregulation |
| Geographic subdivision | Developing countries |
| General subdivision | Case studies. |
| 9 (RLIN) | 20727 |
| 700 1# - ADDED ENTRY--PERSONAL NAME | |
| Personal name | Carbajo, José, |
| 9 (RLIN) | 20729 |
| 710 2# - ADDED ENTRY--CORPORATE NAME | |
| Corporate name or jurisdiction name as entry element | World Bank. |
| 9 (RLIN) | 4999 |
| 942 ## - ADDED ENTRY ELEMENTS (KOHA) | |
| Source of classification or shelving scheme | |
| Koha item type | Book |
| Withdrawn status | Lost status | Source of classification or shelving scheme | Damaged status | Not for loan | Permanent Location | Current Location | Date acquired | Total Checkouts | Full call number | Barcode | Date last seen | Price effective from | Koha item type |
|---|---|---|---|---|---|---|---|---|---|---|---|---|---|
| Military College of Engineering (MCE) | Military College of Engineering (MCE) | 03/07/2014 | 388.068 REG | MCE-43208 | 03/07/2014 | 03/07/2014 | Book |
